[Event "TUR Cup"]
[Site "Antalya"]
[Date "2017.02.04"]
[Round "11"]
[White "Unsac, Yucel"]
[Black "Gundogan, Sinem Cagla"]
[Result "0-1"]
[WhiteElo "1501"]
[BlackElo "2061"]
[PlyCount "68"]
[EventDate "2017.01.28"]
[EventType "swiss"]
[EventRounds "11"]
[EventCountry "TUR"]
[SourceTitle "EXT 2018"]
[Source "ChessBase"]
[SourceDate "2017.10.13"]
[SourceVersion "1"]
[SourceVersionDate "2017.10.13"]
[SourceQuality "1"]

1. e4 e5 2. Nf3 Nc6 3. Bb5 Nge7 4. 0-0 g6 5. d4 exd4 6. Nxd4 Bg7 7. Be3 a6 8. Ba4 0-0 9. c3 b5 10. Bc2 Ne5 11. Nd2 d5 12. h3 c5 13. N4b3 c4 14. Nd4 Rb8 15. Bf4 Bb7 16. Bg3 Qb6 17. Kh1 dxe4 18. Nxe4 Rbd8 19. Qe2 Rfe8 20. Rad1 Nd5 21. Qd2 b4 22. f3 Qa5 23. Bb1 f5 24. cxb4 Nxb4 25. a3 fxe4 26. axb4 Qb6 27. Qc3 Nd3 28. Bxd3 cxd3 29. Bc7 Qxd4 30. Bxd8 Qxc3 31. bxc3 Rxd8 32. fxe4 Bxe4 33. Rfe1 Bc6 34. c4 Ba4 0-1

[Event "TUR Cup"]
[Site "Antalya"]
[Date "2017.01.31"]
[Round "6"]
[White "Dorum, Doga Can"]
[Black "Unsac, Yucel"]
[Result "1-0"]
[WhiteElo "1661"]
[BlackElo "1501"]
[PlyCount "69"]
[EventDate "2017.01.28"]
[EventType "swiss"]
[EventRounds "11"]
[EventCountry "TUR"]
[SourceTitle "CBM 176 Extra"]
[Source "ChessBase"]
[SourceDate "2017.03.02"]
[SourceVersion "1"]
[SourceVersionDate "2017.03.02"]
[SourceQuality "1"]

1. Nf3 Nf6 2. d4 d5 3. e3 c6 4. Bd3 g6 5. 0-0 Bg7 6. Nbd2 0-0 7. Ne5 Nbd7 8. f4 c5 9. c3 Qc7 10. Ndf3 Ne8 11. Nxd7 Bxd7 12. Ne5 c4 13. Bc2 Nd6 14. Qf3 e6 15. Bd2 f6 16. Nxd7 Qxd7 17. g4 Nf7 18. h4 Nh8 19. f5 e5 20. fxg6 hxg6 21. e4 exd4 22. cxd4 dxe4 23. Bxe4 Rad8 24. Bc3 f5 25. gxf5 gxf5 26. Bxf5 Bxd4+ 27. Kh1 Qc6 28. Rg1+ Ng6 29. Qxc6 bxc6 30. Rxg6+ Kh7 31. Rd6+ Kg8 32. Be6+ Kh7 33. Rxd4 Rfe8 34. Rd7+ Kh6 35. Bg7+ 1-0

[Event "TUR Cup"]
[Site "Antalya"]
[Date "2017.01.31"]
[Round "5"]
[White "Unsac, Yucel"]
[Black "Karakus, Ali"]
[Result "1-0"]
[WhiteElo "1501"]
[BlackElo "1155"]
[PlyCount "64"]
[EventDate "2017.01.28"]
[EventType "swiss"]
[EventRounds "11"]
[EventCountry "TUR"]
[SourceTitle "CBM 176 Extra"]
[Source "ChessBase"]
[SourceDate "2017.03.02"]
[SourceVersion "1"]
[SourceVersionDate "2017.03.02"]
[SourceQuality "1"]

1. e4 c5 2. Nf3 Nf6 3. Nc3 d6 4. d4 cxd4 5. Nxd4 a6 6. Bc4 Nc6 7. 0-0 g6 8. h3 Bg7 9. Be3 0-0 10. Qd2 Nxe4 11. Bxf7+ Rxf7 12. Nxe4 d5 13. Ng5 Rf6 14. Nxc6 bxc6 15. Bd4 Rf5 16. Bxg7 Kxg7 17. Rfe1 e5 18. Nf3 e4 19. Rxe4 Qf6 20. Rh4 h5 21. Qd4 Bd7 22. Qxf6+ Kxf6 23. Rb4 Ra7 24. Re1 a5 25. Rb6 Rf4 26. Ne5 g5 27. Nxd7+ Rxd7 28. Rxc6+ Kf5 29. h4 a4 30. Rce6 Kg4 31. R6e3 d4 32. Rg3+ Kf5 1-0